[Event "Hessen-ch Gr-D 62nd"]
[Site "Hanau"]
[Date "2008.03.22"]
[Round "4"]
[White "Riedl, Janis"]
[Black "Riha, Peter"]
[Result "1-0"]
[WhiteElo "1543"]
[BlackElo "1827"]
[PlyCount "53"]
[EventDate "2008.03.21"]
[EventType "swiss"]
[EventRounds "5"]
[EventCountry "GER"]
[SourceTitle "CBM 123 Extra"]
[Source "ChessBase"]
[SourceDate "2008.05.06"]
[SourceVersion "1"]
[SourceVersionDate "2008.05.06"]
[SourceQuality "1"]

1. d4 Nf6 2. c4 g6 3. Nc3 d5 4. cxd5 Nxd5 5. e4 Nxc3 6. bxc3 Bg7 7. Bc4 c5 8. Be3 Nc6 9. Ne2 cxd4 10. cxd4 0-0 11. 0-0 Bg4 12. f3 Na5 13. Bxf7+ Rxf7 14. fxg4 Rxf1+ 15. Kxf1 Qd7 16. h3 b5 17. Rc1 Nc4 18. Bf2 Rd8 19. Qd3 Bxd4 20. Qxd4 Qe8 21. Qc5 Nd2+ 22. Kg1 Nxe4 23. Qe5 Nxf2 24. Kxf2 Qf7+ 25. Kg1 Rf8 26. Nd4 Qxa2 27. Ne6 1-0

[Event "Hessen-ch Gr-D 62nd"]
[Site "Hanau"]
[Date "2008.03.21"]
[Round "2"]
[White "Riedl, Janis"]
[Black "Hoellwarth, Kai"]
[Result "1-0"]
[WhiteElo "1543"]
[BlackElo "1645"]
[PlyCount "110"]
[EventDate "2008.03.21"]
[EventType "swiss"]
[EventRounds "5"]
[EventCountry "GER"]
[SourceTitle "CBM 123 Extra"]
[Source "ChessBase"]
[SourceDate "2008.05.06"]
[SourceVersion "1"]
[SourceVersionDate "2008.05.06"]
[SourceQuality "1"]

1. d4 e5 2. dxe5 Nc6 3. Nf3 Qe7 4. Nc3 Nxe5 5. Bf4 Nxf3+ 6. gxf3 Qd8 7. Rg1 Ne7 8. Bg5 f6 9. Bh4 Ng6 10. Bg3 Bb4 11. Qd3 d6 12. 0-0-0 Bxc3 13. Qxc3 Be6 14. e3 Qd7 15. Bd3 Ne5 16. Be2 0-0-0 17. e4 Rhg8 18. f4 Nc6 19. f5 Bf7 20. Rg2 Qe7 21. f3 d5 22. Bb5 Nb4 23. Kb1 dxe4 24. Rxd8+ Rxd8 25. b3 exf3 26. Rf2 c6 27. Rxf3 Nd5 28. Qa5 cxb5 29. Qxa7 Rd6 30. Bxd6 Qxd6 31. Rg3 g6 32. fxg6 hxg6 33. Rh3 Kc7 34. Rh7 Qd7 35. Qc5+ Kd8 36. Qf8+ Qe8 37. Rxf7 Qxf8 38. Rxf8+ Ke7 39. Rb8 b6 40. c4 bxc4 41. bxc4 Ne3 42. Rxb6 Nxc4 43. Rb7+ Kd6 44. Kc2 f5 45. Kc3 Kc6 46. Rb1 Kc5 47. a4 Ne3 48. a5 Nd5+ 49. Kd3 f4 50. Kd2 g5 51. a6 Nc7 52. a7 f3 53. Rc1+ Kb6 54. Rxc7 Kxc7 55. a8Q g4 1-0

[Event "Karl Mala Memorial op 10th"]
[Site "Griesheim"]
[Date "2006.07.21"]
[Round "3"]
[White "Kitzler, Gerhard"]
[Black "Riedl, Janis"]
[Result "1-0"]
[WhiteElo "1145"]
[BlackElo "1507"]
[PlyCount "61"]
[EventDate "2006.07.20"]
[EventType "swiss"]
[EventRounds "7"]
[EventCountry "GER"]
[SourceTitle "CBM 113 Extra"]
[Source "ChessBase"]
[SourceDate "2006.09.14"]
[SourceVersion "1"]
[SourceVersionDate "2006.09.14"]
[SourceQuality "1"]

1. e4 c6 2. d4 d5 3. e5 g6 4. Bd3 h5 5. c3 Bf5 6. Bxf5 gxf5 7. Qf3 e6 8. Qg3 Be7 9. Qg7 Bf6 10. exf6 Qxf6 11. Qxf6 Nxf6 12. Nf3 Nbd7 13. Bf4 Nh7 14. Ne5 Nhf8 15. c4 f6 16. Nxd7 Nxd7 17. cxd5 cxd5 18. Nc3 a6 19. 0-0 Kf7 20. Rfe1 Rhg8 21. Re2 Rg4 22. g3 Rag8 23. Rae1 Nf8 24. Nxd5 Kg7 25. Ne7 Rh8 26. h3 Rxf4 27. gxf4 Kf7 28. Nc8 h4 29. Nd6+ Ke7 30. Nxb7 Rh7 31. Nc5 1-0

[Event "Hessen-chB"]
[Site "Marburg"]
[Date "2006.04.14"]
[Round "6.27"]
[White "Riedl, Janis"]
[Black "Schneider, Udo"]
[Result "0-1"]
[WhiteElo "1250"]
[BlackElo "1679"]
[PlyCount "84"]
[EventDate "2006.04.13"]
[EventType "swiss"]
[EventRounds "7"]
[EventCountry "GER"]
[SourceTitle "EXT 2007"]
[Source "ChessBase"]
[SourceDate "2006.11.23"]
[SourceVersion "1"]
[SourceVersionDate "2006.11.23"]
[SourceQuality "1"]

1. e4 c5 2. Nc3 Nc6 3. f4 e6 4. Nf3 Nge7 5. g3 d5 6. d3 a6 7. Bg2 dxe4 8. Nxe4 Nd5 9. 0-0 Be7 10. Qd2 b5 11. b3 Qb6 12. c4 Nf6 13. Bb2 Nxe4 14. dxe4 0-0 15. Qe2 Bb7 16. h4 Nd4 17. Bxd4 cxd4 18. Qd3 Rac8 19. Kh2 Rfd8 20. Nd2 Bb4 21. Rac1 Qa5 22. Rc2 Bxd2 23. Rxd2 Qc3 24. cxb5 Qxd3 25. Rxd3 Rc2 26. Kg1 Rxg2+ 27. Kxg2 Bxe4+ 28. Rdf3 axb5 29. Kg1 Bxf3 30. Rxf3 d3 31. Rf1 b4 32. Kf2 f6 33. g4 e5 34. Ke3 exf4+ 35. Kxf4 Rd4+ 36. Kf3 d2 37. Rd1 Kf7 38. g5 fxg5 39. hxg5 Ke6 40. Ke3 Ke5 41. Ke2 Ke4 42. Rh1 d1Q+ 0-1

[Event "Hessen-chB"]
[Site "Marburg"]
[Date "2006.04.13"]
[Round "5.24"]
[White "Sassmannshausen, Mark"]
[Black "Riedl, Janis"]
[Result "1-0"]
[WhiteElo "1785"]
[BlackElo "1250"]
[PlyCount "65"]
[EventDate "2006.04.13"]
[EventType "swiss"]
[EventRounds "7"]
[EventCountry "GER"]
[SourceTitle "EXT 2007"]
[Source "ChessBase"]
[SourceDate "2006.11.23"]
[SourceVersion "1"]
[SourceVersionDate "2006.11.23"]
[SourceQuality "1"]

1. e4 c6 2. Nf3 d5 3. e5 g6 4. d4 h5 5. Bd3 Nh6 6. Nh4 Nf5 7. Nxf5 Bxf5 8. Bxf5 gxf5 9. Bg5 Qb6 10. b3 Nd7 11. 0-0 e6 12. a4 Be7 13. f4 a6 14. a5 Qd8 15. Bxe7 Qxe7 16. c4 0-0-0 17. cxd5 exd5 18. Qd3 Qe6 19. Nc3 f6 20. Ra2 Rh7 21. b4 fxe5 22. fxe5 Rf8 23. Raf2 Rhf7 24. Ne2 Nxe5 25. dxe5 Qxe5 26. Nf4 Qe4 27. Qc3 d4 28. Qh3 Rd8 29. Nd3 Qe3 30. Qxh5 Qxd3 31. Qxf7 Qc3 32. Qxf5+ Kb8 33. Qe5+ 1-0